Biblioteca

Cambios social y conversión (Registro nro. 51461)

Detalles MARC
000 -LÍDER
Campo fijo de descripción fija 01090aab a2200193 i 4500
001 - NÚMERO DE CONTROL
Campo de control 768714001
003 - IDENTIFICADOR DEL NÚMERO DE CONTROL
Campo de control CO-MdFUSB
005 - FECHA Y HORA DE LA ULTIMA TRANSACCIÓN
control field 20240422103009.0
008 - ELEMENTOS DE LONGITUD FIJA -- INFORMACIÓN GENERAL
Campo fijo de descripción fija -- Información general 240409t1984 ag ||||| |||| 00| 0 spa d
040 ## - FUENTE DE CATALOGACIÓN
Idioma de catalogación spa
Agencia que realiza la transcripción CO-MdFUSB
041 ## - CÓDIGO DE IDIOMA
Código de idioma para texto/pista de sonido o título separado spa
100 1# - ASIENTO PRINCIPAL--NOMBRE PERSONAL
Nombre personal Paredes, Rubén
Término relacionador autor
245 ## - TÍTULO
Título Cambios social y conversión
Mención de responsabilidad / Rubén Paredes A.
300 ## - DESCRIPCIÓN FÍSICA
Extensión Volumen 3, número 2 (junio,1984), páginas: 50 - 55
Dimensiones ; 27 cm
520 ## - NOTA DE RESUMEN, ETC.
Nota de sumario, etc. El objetivo de este artículo es llamar la atención sobre la fe evangélica y su crecimiento entre los pueblos indígenas de América Latina dentro de la Iglesia Evangélica.Los últimos 25 años han visto un resurgimiento inusual de la fe entre los pueblos autóctonos americanos en el proceso de difundir el evangelio. Este resurgimiento de la fe no ocurre en el vacío, sino en conexión con los cambios sociales y económicos que se están produciendo
650 #7 - ASIENTO SECUNDARIO DE MATERIA - TERMINO TEMÁTICO
Término temático o nombre geográfico como elemento de entrada Historia
Subdivisión general Aspectos religiosos
-- Cristianismo
9 (RLIN) 7036
773 0# - ASIENTO DE ITEM FUENTE
Título Iglesia y Misión
Biblionumber 49402
Itemnumber 59687
Parte(s) relacionada(s) / Volumen., número. (mes año), páginas Volumen 3, número 2 (junio,1984), páginas: 50 - 55
Enumeración y primera página página: 50
942 ## - TIPO DE MATERIAL (KOHA)
Tipo de Item KOHA Artículos de Revista

No hay ítems disponibles.

Biblioteca FUSBC | Teléfono: (57+4) 349 88 10 Ext. 141| WhatsApp (+57) 3005338115 
E-mail: biblioteca@unisbc.edu.co | Calle 76 87-14 Robledo Palenque, Medellín, Colombia

Con tecnología Koha